Ngữ điêÌ£u tiếng ViêÌ£t sơ khảo

TriÌ€nh baÌ€y các nghiên cứu vêÌ€ vai troÌ€, chức năng của ngữ điêÌ£u với tư cách laÌ€ tổ hơÌ£p tưÌ€, ngữ pháp hoÌ£c, ngữ nghĩa hoÌ£c vaÌ€ tu tưÌ€ hoÌ£c trong tiếng ViêÌ£t....

Popoln opis

Shranjeno v:
Bibliografske podrobnosti
Glavni avtor: Đỗ, Tiến Thắng
Format: Knjiga
Jezik:Undetermined
Izdano: H. ĐaÌ£i hoÌ£c Quốc gia HaÌ€ NôÌ£i 2009
Teme:
Online dostop:http://lrc.tdmu.edu.vn/opac/search/detail.asp?aID=2&ID=7536
Oznake: Označite
Brez oznak, prvi označite!
Thư viện lưu trữ: Trung tâm Học liệu Trường Đại học Thủ Dầu Một
LEADER 01109nam a2200205Ia 4500
001 TDMU_7536
008 210410s9999 xx 000 0 und d
082 |a 495.9225 
090 |b Đ458 
100 |a Đỗ, Tiến Thắng 
245 0 |a Ngữ điêÌ£u tiếng ViêÌ£t sơ khảo 
245 0 |c Đỗ Tiến Thắng 
260 |a H. 
260 |b ĐaÌ£i hoÌ£c Quốc gia HaÌ€ NôÌ£i 
260 |c 2009 
300 |a 318tr. 
520 |a TriÌ€nh baÌ€y các nghiên cứu vêÌ€ vai troÌ€, chức năng của ngữ điêÌ£u với tư cách laÌ€ tổ hơÌ£p tưÌ€, ngữ pháp hoÌ£c, ngữ nghĩa hoÌ£c vaÌ€ tu tưÌ€ hoÌ£c trong tiếng ViêÌ£t. 
650 |a Ngữ điêÌ£u tiếng ViêÌ£t; Tiếng ViêÌ£t; Ngữ điêÌ£u; Sơ khảo 
856 |u http://lrc.tdmu.edu.vn/opac/search/detail.asp?aID=2&ID=7536 
980 |a Trung tâm Học liệu Trường Đại học Thủ Dầu Một